| 000 | 01146nam a2200361 a 4500 | ||
|---|---|---|---|
| 008 | |||
| 020 | _a9780124160088 (hardback) | ||
| 040 |
_aNUST _cNUST |
||
| 049 | _aMAIN | ||
| 090 |
_aQP360.5 _bNEU |
||
| 245 | 1 | 0 |
_aNeuroeconomics : _bdecision making and the brain/ _cedited by Paul W Glimcher & Ernst Fehr. |
| 250 | _aSecond edition. | ||
| 260 |
_aLondon : _bAcademic Press, _c2014. |
||
| 300 |
_axxviii, 577 pages :billustrations (some colour) ; _c29 cm. |
||
| 336 |
_atext _btxt _2rdacontent |
||
| 337 |
_aunmediated _bn _2rdamedia |
||
| 338 |
_avolume _bnc _2rdacarrier |
||
| 500 | _aIncludes index. | ||
| 504 | _aIncludes bibliographical references. | ||
| 650 | 1 | _aNeuroeconomics. | |
| 650 | _aEconomic man. | ||
| 650 | _aDecision making. | ||
| 650 |
_aDecision making _xPsychological aspects. |
||
| 650 |
_aBrain _xPhysiology. |
||
| 650 | _aNeurobiology. | ||
| 650 | _aEconomics. | ||
| 700 |
_aGlimcher, Paul W., _aeditor. |
||
| 700 |
_aFehr, Ernst., _aeditor. |
||
| 907 |
_a.b1040336x _b03-03-22 _c02-06-21 |
||
| 003 | |||
| 005 | 20230123141159.0 | ||
| 942 |
_cBOOKS _kQP360.5 _mNEU |
||
| 999 |
_c169043 _d169043 |
||